Women and the mass media : sourcebook for research and action /

Bibliographic Details
Main Author: Butler, Matilda
Other Authors: Paisley, William
Format: Book
Language:English
Published: New York : Human Sciences Press, [1980]
Subjects:

MARC

Tag First Indicator Second Indicator Subfields
LEADER 00000cam a22000008i 4500
001 in00000062983
005 20151008051127.0
008 790613s1980 nyu b 00110 eng
010 |a  79016271  
020 |a 0877054096 
035 |a (OCoLC)05126197 
035 |9 AAG5922AM 
040 |a DLC  |c DLC  |d TXA  |d UtOrBLW 
043 |a n-us--- 
049 |a TXAM  |c [1497410] 
050 0 0 |a HQ1426  |b .B86 
082 0 |a 301.41/2 
100 1 |a Butler, Matilda. 
245 1 0 |a Women and the mass media :  |b sourcebook for research and action /  |c Matilda Butler, William Paisley, with a chapter on children and media by Suzanne Pingree annd Robert Hawkins. 
263 |a 7910 
264 1 |a New York :  |b Human Sciences Press,  |c [1980] 
264 4 |c ©1980 
300 |a 432 pages ;  |c 22 cm. 
336 |a text  |b txt  |2 rdacontent 
337 |a unmediated  |b n  |2 rdamedia 
338 |a volume  |b nc  |2 rdacarrier 
500 |a Includes indexes. 
504 |a Bibliography: pages 398-419. 
650 0 |a Women's rights  |z United States. 
650 0 |a Sex role in mass media. 
650 0 |a Mass media and children. 
650 0 |a Social action. 
650 0 |a Sexism  |z United States. 
700 1 |a Paisley, William. 
999 |a MARS 
999 f f |s cb8955ce-6c89-39c2-838a-19ff1ab631b5  |i 45513b6f-0d51-30c4-899b-15f95043077a  |t 0 
952 f f |p ric  |a Texas A&M University  |b Rellis Campus  |c Joint Library Facility  |d Remote Storage  |t 0  |e HQ1426 .B86  |h Library of Congress classification  |i unmediated -- volume  |m A14802981843 
998 f f |a HQ1426 .B86  |t 0  |l Remote Storage